Устройство для определения параметров асинхронного электродвигателя: полезная модель

Detaylı Bibliyografya
Müşterek Yazar: Национальный исследовательский Томский политехнический университет (ТПУ)
Diğer Yazarlar: Глазырин А. С. Александр Савельевич, Глазырина Т. А. Татьяна Анатольевна, Тимошкин В. В. Вадим Владимирович, Ткачук Р. Ю. Роман Юрьевич, Полищук В. И. Владимир Иосифович
Özet:опубл. 27.12.12
Полезная модель относится к электротехнике и может быть использовано для определения параметров асинхронных электродвигателей.
Dil:Rusça
Baskı/Yayın Bilgisi:
Konular:
Online Erişim:http://www.fips.ru/Archive/PAT/2012FULL/2012.12.27/DOC/RUNWU1/000/000/000/123/541/document.pdf
Materyal Türü: Elektronik Kitap
KOHA link:https://koha.lib.tpu.ru/cgi-bin/koha/opac-detail.pl?biblionumber=645742

MARC

LEADER 00000nlm0a2200000 4500
001 645742
005 20240403064835.0
029 1 0 |a RU  |b 123541  |c Пат.  |d МПК G 01 R 31/34 
035 |a (RuTPU)RU\TPU\network\10833 
035 |a RU\TPU\network\10831 
039 0 |a RU  |b 2012132379/28  |c 20120727 
090 |a 645742 
100 |a 20160120j20121227k y0rusy50 ca 
101 0 |a rus 
102 |a RU 
105 |a a k 000zy 
135 |a drgn ---uucaa 
181 0 |a i  
182 0 |a b 
200 1 |a Устройство для определения параметров асинхронного электродвигателя  |e полезная модель  |f А. С. Глазырин [и др.]  |g Национальный исследовательский Томский политехнический университет (ТПУ) 
203 |a Текст  |c электронный 
300 |a опубл. 27.12.12 
330 |a Полезная модель относится к электротехнике и может быть использовано для определения параметров асинхронных электродвигателей. 
610 1 |a патенты 
610 1 |a труды учёных ТПУ 
610 1 |a электронный ресурс 
610 1 |a изобретения 
610 1 |a полезные модели 
610 1 |a устройства 
610 1 |a параметры 
610 1 |a асинхронные двигатели 
610 1 |a электротехника 
701 1 |a Глазырин  |b А. С.  |c специалист в области электротехники  |c профессор Томского политехнического университета, доктор технических наук  |f 1978-  |g Александр Савельевич  |y Томск  |3 (RuTPU)RU\TPU\pers\26445  |9 12148 
701 1 |a Глазырина  |b Т. А.  |c специалист в области электротехники  |c аспирант, ассистент Томского политехнического университета  |f 1983-  |g Татьяна Анатольевна  |3 (RuTPU)RU\TPU\pers\26446 
701 1 |a Тимошкин  |b В. В.  |c специалист в области электротехники  |c доцент Томского политехнического университета, кандидат технических наук  |f 1986-  |g Вадим Владимирович  |3 (RuTPU)RU\TPU\pers\26467  |9 12170 
701 1 |a Ткачук  |b Р. Ю.  |g Роман Юрьевич 
701 1 |a Полищук  |b В. И.  |c специалист в области электроэнергетики  |c доцент Томского политехнического университета, кандидат технических наук  |f 1966-  |g Владимир Иосифович  |3 (RuTPU)RU\TPU\pers\29028  |9 13739 
712 0 2 |a Национальный исследовательский Томский политехнический университет (ТПУ)  |c (2009- )  |3 (RuTPU)RU\TPU\col\15902 
801 1 |a RU  |b 63413507  |c 20120201 
801 2 |a RU  |b 63413507  |c 20160120  |g RCR 
856 4 |u http://www.fips.ru/Archive/PAT/2012FULL/2012.12.27/DOC/RUNWU1/000/000/000/123/541/document.pdf 
942 |c CF